Normal view MARC view
  • Campaign to Protect Rural England

Entry Corporate Name

Number of records used in: 18

001 - CONTROL NUMBER

  • control field: 4718

003 - CONTROL NUMBER IDENTIFIER

  • control field: SIRSI

005 - DATE AND TIME OF LATEST TRANSACTION

  • control field: 20190806150236.0

008 - FIXED-LENGTH DATA ELEMENTS

  • fixed length control field: 050518n| aaannaabn |n ana d

040 ## - CATALOGING SOURCE

  • Original cataloging agency: OSt
  • Transcribing agency: OSt

110 ## - HEADING--CORPORATE NAME

  • Corporate name or jurisdiction name as entry element: Campaign to Protect Rural England

670 ## - SOURCE DATA FOUND

  • Source citation: Countryside Voice